Discursos papeles de gobierno i correspondencia de Don Manuel Montt

Saved in:
Bibliographic Details
Main Author: Montt Montt, Luis (autor)
Format: Book
Language:Spanish
Published: Santiago, Chile Cervantes 1905
Subjects:
Tags: Add Tag
No Tags, Be the first to tag this record!

MARC

LEADER 00000nam a2200000 a 4500
001 UCO2095
003 CL-VaPUC
005 20220309173602.0
008 000602e19050000CL |||||||||||||||||spa|d
999 |c 288636  |d 288634 
040 |c Pontificia Universidad Católica de Valparaíso 
082 0 4 |a 983.04 MON 1905  |2 21 
100 |a Montt Montt, Luis  |e autor  |9 444897 
245 1 0 |a Discursos papeles de gobierno i correspondencia de Don Manuel Montt 
260 |a Santiago, Chile  |b Cervantes  |c 1905 
300 |a volúmenes 
583 |a last modification  |c 20000602 00:00:00  |k Rodrigo Vera 
650 0 |a Historia de Chile  |9 265473 
650 7 |a FUENTES HISTORICAS  |2 CL-VaPUC  |9 255666  |z CHILE 
650 0 |a Discursos políticos  |z CHILE  |9 373524 
650 0 |a Correspondencia  |z CHILE  |9 258963 
852 |a BIBCUR 
942 |c BK  |2 ddc 
945 |d 20000602 00:00:00  |a crobeson 
952 |0 0  |1 0  |2 ddc  |4 0  |6 983_040000000000000_MON_1905  |7 0  |8 X  |9 336451  |a BIBHIS  |b BIBHIS  |d 2019-11-20  |h v.2  |i 1278533  |o 983.04 MON 1905  |p 1278533  |r 2024-01-30  |t 1  |w 2019-11-20  |y BK_X  |k HIS 
952 |0 0  |1 0  |2 ddc  |4 0  |6 983_040000000000000_MON_1905  |7 0  |8 X  |9 336452  |a BIBHIS  |b BIBHIS  |d 2019-11-20  |h v.2  |i 1278541  |l 1  |m 10  |o 983.04 MON 1905  |p 1278541  |q 2025-07-11  |r 2023-08-14  |s 2023-08-14  |t 2  |w 2019-11-20  |y BK_X  |k HIS